00371nam a2200145Ia 4500008004100000020001800041041000800059082001500067100001400082245006300096260002800159300000800187365001600195700001400211230718s9999 xx 000 0 und d a9780434020362 aeng a158.1bDUH aDuhigg C. aThe Power Of HabitbWhy We Do What We Do And How To Change c2012bWilliam Heinemann a371 cRs.b599.00 aDuhigg C.